[Event "Pan American-ch U10 Girls"]
[Site "Guayaquil"]
[Date "2019.07.26"]
[Round "8"]
[White "Wu, Abbie"]
[Black "Arenas Lavado, Luciana Andrea"]
[Result "1-0"]
[WhiteElo "1528"]
[BlackElo "1187"]
[PlyCount "71"]
[EventDate "2019.07.21"]
[EventType "swiss"]
[EventRounds "9"]
[EventCountry "ECU"]
[SourceTitle "EXT 2020"]
[Source "ChessBase"]
[SourceDate "2019.10.17"]
[SourceVersion "1"]
[SourceVersionDate "2019.10.17"]
[SourceQuality "1"]

1. e4 c5 2. Nf3 e6 3. d4 cxd4 4. Nxd4 a6 5. Nc3 Bb4 6. Bd2 Nf6 7. Bd3 e5 8. Nf5 0-0 9. Qf3 d6 10. g4 Bxf5 11. gxf5 Nc6 12. Rg1 Kh8 13. Qg2 Rg8 14. 0-0-0 a5 15. Bc4 Qe7 16. a3 Bxc3 17. Bxc3 Rab8 18. Bd5 Qc7 19. Rd3 Rbc8 20. Rg3 Ne8 21. f4 Ra8 22. f6 g6 23. f5 Nxf6 24. fxg6 Rxg6 25. Rxg6 fxg6 26. Qg5 Qe7 27. Bd2 Nxd5 28. Qh6 Kg8 29. Bg5 Qg7 30. Qxg7+ Kxg7 31. exd5 Nd4 32. Bd2 Rc8 33. Kb1 Nxc2 34. Rc1 Kf6 35. Rxc2 Rxc2 36. Kxc2 1-0

[Event "Pan American-ch U10 Girls"]
[Site "Guayaquil"]
[Date "2019.07.22"]
[Round "3"]
[White "Vizcarra Quispe, Ramalia Bellaluz"]
[Black "Wu, Abbie"]
[Result "1/2-1/2"]
[WhiteElo "1245"]
[BlackElo "1528"]
[PlyCount "78"]
[EventDate "2019.07.21"]
[EventType "swiss"]
[EventRounds "9"]
[EventCountry "ECU"]
[SourceTitle "EXT 2020"]
[Source "ChessBase"]
[SourceDate "2019.10.17"]
[SourceVersion "1"]
[SourceVersionDate "2019.10.17"]
[SourceQuality "1"]

1. Nf3 Nf6 2. c4 e6 3. Nc3 Be7 4. b3 0-0 5. Bb2 d5 6. d4 c6 7. g3 Nbd7 8. Bg2 Qc7 9. cxd5 exd5 10. 0-0 Bd6 11. Nd2 Re8 12. e4 dxe4 13. Ncxe4 Bf8 14. Re1 b6 15. Nxf6+ Nxf6 16. Rxe8 Nxe8 17. Rc1 Bb7 18. d5 c5 19. Nc4 Rd8 20. Be5 Qd7 21. Ne3 f6 22. Bb2 Nc7 23. d6 Ne6 24. Bxb7 Qxb7 25. Nf5 Bxd6 26. Qg4 Kh8 27. Re1 Qf7 28. Qe4 Be5 29. Bxe5 fxe5 30. Qxe5 Ng5 31. Nh4 Rf8 32. f4 Nh3+ 33. Kg2 Qd7 34. Qe6 Nxf4+ 35. gxf4 Qd2+ 36. Re2 Qxf4 37. Qe8 Qf1+ 38. Kg3 Qf4+ 39. Kg2 Qf1+ 1/2-1/2

[Event "North American-ch U20 Girls"]
[Site "Charlotte"]
[Date "2019.06.28"]
[Round "5"]
[White "Chin, Angelica"]
[Black "Wu, Abbie"]
[Result "0-1"]
[WhiteElo "1937"]
[BlackElo "1448"]
[PlyCount "106"]
[EventDate "2019.06.26"]
[EventType "swiss"]
[EventRounds "9"]
[EventCountry "USA"]
[SourceTitle "CBM 191 Extra"]
[Source "ChessBase"]
[SourceDate "2019.09.30"]
[SourceVersion "1"]
[SourceVersionDate "2019.09.30"]
[SourceQuality "1"]

1. e4 c5 2. Nf3 d6 3. d4 cxd4 4. Nxd4 Nf6 5. Nc3 Nc6 6. Be2 e6 7. 0-0 Be7 8. Be3 0-0 9. f4 a6 10. Kh1 Qc7 11. Qe1 Nxd4 12. Bxd4 e5 13. Be3 exf4 14. Bxf4 Be6 15. Qg3 Kh8 16. Rad1 Rfd8 17. e5 dxe5 18. Bxe5 Qc5 19. Ne4 Qxc2 20. Bd3 Rxd3 21. Rxd3 Bc4 22. Rd2 Qxe4 23. Rd4 Qc2 24. Rfd1 Be6 25. Qf3 Qc6 26. Qd3 h6 27. a3 Rc8 28. Bd6 Bxd6 29. Rxd6 Qc2 30. Qd4 Qe4 31. Qf2 Rc2 32. Qg3 Nh5 33. Rd8+ Kh7 34. Qd3 Qxd3 35. R8xd3 Rxb2 36. Kg1 Nf4 37. R3d2 Rb3 38. g3 Nh3+ 39. Kg2 Rxa3 40. Re1 Ng5 41. Rb2 Bd5+ 42. Kf2 Rf3+ 43. Ke2 Bc4+ 44. Kd1 Rd3+ 45. Kc2 Nf3 46. Re4 Rd2+ 47. Kc3 Rxb2 48. Kxb2 b5 49. h4 a5 50. Rf4 Ne5 51. Rf5 f6 52. Kc3 b4+ 53. Kb2 Kg6 0-1

[Event "North American-ch U20 Girls"]
[Site "Charlotte"]
[Date "2019.06.27"]
[Round "3"]
[White "Wu, Abbie"]
[Black "Zhu, Evelyn"]
[Result "0-1"]
[WhiteElo "1448"]
[BlackElo "2006"]
[PlyCount "66"]
[EventDate "2019.06.26"]
[EventType "swiss"]
[EventRounds "9"]
[EventCountry "USA"]
[SourceTitle "CBM 191 Extra"]
[Source "ChessBase"]
[SourceDate "2019.09.30"]
[SourceVersion "1"]
[SourceVersionDate "2019.09.30"]
[SourceQuality "1"]

1. e4 c5 2. Nf3 e6 3. d4 cxd4 4. Nxd4 a6 5. Nc3 Qc7 6. Be3 Nf6 7. f3 Bb4 8. Nde2 b5 9. a3 Be7 10. Qd2 d6 11. Nd4 Bb7 12. g4 h6 13. h4 d5 14. exd5 Nxd5 15. Nxd5 Bxd5 16. Kf2 Nc6 17. Nxc6 Qxc6 18. Be2 Rd8 19. Qc1 e5 20. Rh3 Be6 21. Bd3 h5 22. Be4 Qc8 23. Qh1 hxg4 24. fxg4 Bxg4 25. Rh2 Rd6 26. Rc1 f5 27. Bb7 Qc4 28. Kg1 Rg6 29. Bg2 f4 30. Bf2 f3 31. Bf1 Bh3+ 32. Rg2 fxg2 33. Qxh3 gxf1Q+ 0-1

[Event "Wch U10 Girls"]
[Site "Santiago de Compostela"]
[Date "2018.11.14"]
[Round "10"]
[White "Wu, Abbie"]
[Black "Ho, Ngoc Vy"]
[Result "0-1"]
[WhiteElo "1446"]
[BlackElo "1275"]
[PlyCount "150"]
[EventDate "2018.11.04"]
[EventType "swiss"]
[EventRounds "11"]
[EventCountry "ESP"]
[SourceTitle "EXT 2022"]
[Source "ChessBase"]
[SourceDate "2021.10.06"]
[SourceVersion "1"]
[SourceVersionDate "2021.10.06"]
[SourceQuality "1"]

1. e4 e5 2. Nf3 Nc6 3. Bc4 Bc5 4. c3 Nf6 5. d3 0-0 6. Nbd2 d6 7. Bb3 d5 8. Qe2 h6 9. h3 Re8 10. Nf1 Be6 11. Ng3 Bb6 12. 0-0 dxe4 13. dxe4 Na5 14. Bxe6 Rxe6 15. b3 Nh7 16. Bb2 Ng5 17. Rfd1 Qf6 18. Nf5 Kh7 19. Nxg5+ Qxg5 20. Rd7 Rg6 21. Qf3 Rf6 22. h4 Qg6 23. h5 Qg5 24. Bc1 Rxf5 25. Qxf5+ Qxf5 26. exf5 Kg8 27. Ba3 Re8 28. Rad1 Nc6 29. Kf1 e4 30. R7d2 e3 31. Re2 Re5 32. g4 exf2 33. Rd8+ Kh7 34. Rxe5 Nxe5 35. c4 Be3 36. Re8 Nxg4 37. Rxe3 Nxe3+ 38. Kxf2 Nxf5 39. Bb2 g6 40. Be5 c6 41. Kf3 gxh5 42. Bf6 Kg6 43. Bd8 f6 44. Bc7 h4 45. Kg4 h5+ 46. Kh3 Kg5 47. Ba5 Kf4 48. Bd8 Ke3 49. Bxf6 Kd2 50. b4 Kd3 51. c5 Kc4 52. a3 Kb3 53. a4 Kxb4 54. Be5 Kxa4 55. Bb8 a5 56. Bd6 Kb4 57. Kh2 a4 58. Be5 a3 59. Kg2 Ne3+ 60. Kh3 a2 61. Kxh4 Nc2 62. Kxh5 a1Q 63. Bxa1 Nxa1 64. Kg5 Kxc5 65. Kh6 b5 66. Kh7 b4 67. Kh8 b3 68. Kg8 b2 69. Kh8 b1Q 70. Kg7 Qf5 71. Kh8 Qg5 72. Kh7 Kd6 73. Kh8 Ke7 74. Kh7 Kf7 75. Kh8 Qg7# 0-1

[Event "Wch U10 Girls"]
[Site "Santiago de Compostela"]
[Date "2018.11.07"]
[Round "3"]
[White "Kleymenova, Valeria"]
[Black "Wu, Abbie"]
[Result "1-0"]
[WhiteElo "1773"]
[BlackElo "1446"]
[PlyCount "89"]
[EventDate "2018.11.04"]
[EventType "swiss"]
[EventRounds "11"]
[EventCountry "ESP"]
[SourceTitle "EXT 2022"]
[Source "ChessBase"]
[SourceDate "2021.10.06"]
[SourceVersion "1"]
[SourceVersionDate "2021.10.06"]
[SourceQuality "1"]

1. d4 Nf6 2. c3 d5 3. e3 c5 4. Bd3 Nc6 5. Nd2 Qb6 6. f4 Bg4 7. Ngf3 c4 8. Bc2 e6 9. 0-0 Be7 10. Qe1 Bf5 11. e4 Bg6 12. Ne5 Nxd4 13. cxd4 Qxd4+ 14. Kh1 Bb4 15. Nef3 Qc5 16. Qe2 Bxd2 17. Nxd2 Bh5 18. Qe1 d4 19. Bd1 Bxd1 20. Qxd1 Qc6 21. e5 Ne4 22. Nxe4 Qxe4 23. Qa4+ Qc6 24. Qxc6+ bxc6 25. Bd2 Rb8 26. Rab1 0-0 27. Rfc1 c3 28. bxc3 d3 29. Kg1 c5 30. Kf2 c4 31. Ke3 a6 32. a4 Rfd8 33. Be1 Kf8 34. Kd2 Rdc8 35. Bf2 Ke8 36. Ba7 Ra8 37. Rb7 Rc6 38. Rcb1 Rcc8 39. Bb8 Rc6 40. Bd6 Rac8 41. Re7+ Kf8 42. Rbb7 f6 43. Rf7+ Ke8 44. Rbe7+ Kd8 45. Rf8# 1-0

[Event "Seattle Masters-B 04"]
[Site "Seattle"]
[Date "2018.04.07"]
[Round "2"]
[White "Fagundes, Frank"]
[Black "Wu, Abbie"]
[Result "1-0"]
[WhiteElo "1635"]
[BlackElo "1627"]
[PlyCount "121"]
[EventDate "2018.04.07"]
[EventType "swiss"]
[EventRounds "3"]
[EventCountry "USA"]
[SourceTitle "EXT 2023"]
[Source "ChessBase"]
[SourceDate "2022.10.05"]
[SourceVersion "1"]
[SourceVersionDate "2022.10.05"]
[SourceQuality "1"]

1. d4 Nf6 2. c4 c5 3. d5 b5 4. cxb5 a6 5. e3 axb5 6. Bxb5 Bb7 7. Nc3 Ba6 8. Nge2 Bxb5 9. Nxb5 Qa5+ 10. Nec3 d6 11. 0-0 g6 12. Bd2 Qb6 13. Qb3 Nbd7 14. Na4 Qb8 15. Nac3 Nb6 16. e4 Bg7 17. a4 0-0 18. a5 Nbd7 19. f4 Ne8 20. Qa4 f5 21. exf5 gxf5 22. Rfe1 Rf7 23. Qc4 Qd8 24. Na4 Rf8 25. Qe2 Rf7 26. Ra3 Nef6 27. Rea1 Ne4 28. Nac3 Nxd2 29. Qxd2 Ra6 30. Qd3 Qc8 31. Ra4 Qb7 32. R1a2 Rf8 33. Nc7 Bxc3 34. bxc3 Ra7 35. Ne6 Rf6 36. Nd8 Qa6 37. Qe3 Nb8 38. Rb2 Qc8 39. Ne6 Rb7 40. Qe2 Rxb2 41. Qxb2 Na6 42. Qb6 Qa8 43. c4 Kf7 44. Ra3 Rg6 45. Qb1 Kf6 46. Qb2+ Kf7 47. Qc2 Kf6 48. Rh3 h6 49. Qb2+ Kf7 50. Rxh6 Qg8 51. Ng5+ Rxg5 52. fxg5 Qxg5 53. Rh7+ Ke8 54. Rh3 Nb4 55. Rg3 Qf4 56. a6 Qe4 57. h3 Qxc4 58. a7 Qxd5 59. a8Q+ Qxa8 60. Rg8+ Kd7 61. Rxa8 1-0